000
00277nam a22001217a 4500
008
260312b ||||| |||| 00| 0 eng d
041
_a
eng
080
_a
2.1
100
_a
22
101
_a
bank
245
_a
Financial Stability Report 2010 H1
_c
Bank Albania
942
_2
udc
_c
BK
999
_c
60890
_d
60890